Leaders of OPEC Countries - Picture Quiz - Statistics

General Stats
  • This quiz has been taken 7 times
    2 since last reset
  • The average score is 4 of 16
Answer Stats
Picture Hint Answer % Correct
1495916677black-star-png-clipart-image.png 1280px-Flag_of_Angola.svg.png João Lourenço
100%
1280px-Flag_of_Gabon.svg.png Brice Oligui Nguema
50%
1920px-Flag_of_Venezuela.svg.png Delcy Rodríguez
50%
1280px-Flag_of_the_Republic_of_the_Congo.svg.png Denis Sassou Nguesso
50%
1495916677black-star-png-clipart-image.png 1920px-Flag_of_Indonesia.svg.png Prabowo Subianto
50%
1280px-Flag_of_Equatorial_Guinea.svg.png Teodoro Obiang Nguema Mbasogo
50%
1280px-Flag_of_Algeria.svg.png Abdelmadjid Tebboune
0%
1920px-Flag_of_Libya.svg.png Abdul Hamid Dbeibeh
0%
1280px-Flag_of_Iraq.svg.png Ali al-Zaidi
0%
1920px-Flag_of_Nigeria.svg.png Bola Tinubu
0%
1495916677black-star-png-clipart-image.png 1280px-Flag_of_Ecuador.svg.png Daniel Noboa
0%
1920px-Flag_of_Kuwait.svg.png Mishal Al-Ahmad Al-Jaber Al-Sabah
0%
1495916677black-star-png-clipart-image.png 1920px-Flag_of_the_United_Arab_Emirates.svg.png Mohamed bin Zayed Al Nahyan
0%
1920px-Flag_of_Saudi_Arabia.svg.png Mohammed bin Salman
0%
1920px-Flag_of_Iran_%28official%29.svg.png Mojtaba Khamenei
0%
1495916677black-star-png-clipart-image.png 1920px-Flag_of_Qatar.svg.png Tamim bin Hamad Al Thani
0%
No matching quizzes found
Score Distribution
Percent of People with Each Score
Percentile by Number Answered
Your Score History
You have not taken this quiz since the last reset